00726nam a22001697a 4500003000900000008004100009040007100050082001500121100002800136245002600164260004200190300003000232505022100262650002600483650002500509650002200534AR-CdUCM190313b ||||| |||| 00| 0 spa d aMUNICIPALIDAD PROVINCIAL DEL CUSCOcBIBLIOTECA MUNICIPAL DEL CUSCO a192 /bN78 aNorth Whitehead, Alfred aModo de Pensamiento / aBuenos Aires :bLosada, S.A. ,c1944. a199 páginas ;c19.8 cm. aContenido : El Impulso creador -- Actividad -- Naturaleza y vida -- Epilogo -- Expresiones -- Entendimiento -- Perspectiva -- Formas de proceso -- Universo Civilizado -- La naturaleza sin vida - la naturaleza viva... aFilosofia Humanistica aFilosofia Occidental aFilosofia del ser